00573nam a22001217a 4500008004100000020001500041050002800056245025600084260004100340300002100381440003100402800001800433140819b xxu||||| |||| 00| 0 eng d a0406094160 aKD276.3.L39(1891 vol.2) aThe Law Reports(1891 vol.2) Chancery division: of the incorporated council of law reporting, supreme court of judicature cases determined in the chancery division and in lunacy and on appeal therefrom in the court of appeal. /cedited by Hemming, G.W. aLodon:bButterworth & Co Ltd,c1891. axi,708p.:c24cm. pChancery division.vvol.2. aG.W. Hemming.